| 000 | 00820nam a2200289 a 4500 | ||
|---|---|---|---|
| 001 | vtls001527679 | ||
| 003 | NLI | ||
| 005 | 20210627144826.0 | ||
| 008 | 121212m1949uuuuii 000 0 eng | ||
| 039 | 9 |
_y201212121613 _zVLOAD |
|
| 040 | 0 |
_aNLI _beng _cXData_1 _eAACR2 |
|
| 041 | 0 | _aeng | |
| 044 | _aii | ||
| 082 | _a172 | ||
| 100 | 1 |
_aChatterji, Rabindranath _9757094 |
|
| 245 | 1 | 0 |
_aIndian economics / _cby Rabindranath Chatterji |
| 260 |
_aCalcutta : _bH. Chatterjee, _c1949- |
||
| 300 |
_a-v. ; _c22 cm. |
||
| 500 | _aLibrary has vol.1 | ||
| 650 | 0 |
_aFinance, Public _zIndia _9700578 |
|
| 650 | 0 |
_aFiscal policy _zIndia _9706728 |
|
| 887 | _a | ||
| 901 |
_aIMP291453 _b26.02.1952 _9v.1 |
||
| 902 | _a172 F 977(1) | ||
| 949 |
_AVIRTUAITEM _D10000 _X100 _6IMP000291453ENG _9v.1 |
||
| 942 |
_2ddc _cBKS |
||
| 999 |
_aVIRTUA40 _c977912 _d977912 |
||